000 00258nam a2200109Ia 4500
008 190216s9999||||xx |||||||||||||| ||und||
100 _aRamachandra Rao
245 0 _aHindi-Malayalam Sahithya
260 _bAsha Prakashan Grug
650 _aHindi
942 _cBK
999 _c15293
_d15293